Toric topology

Αποθηκεύτηκε σε:
Λεπτομέρειες βιβλιογραφικής εγγραφής
Κύριοι συγγραφείς: Buchstaber, V. M., Panov, Taras E. 1975- (Συγγραφέας)
Μορφή: Βιβλίο
Γλώσσα:English
Δημοσίευση: Providence, Rhode Island : American Mathematical Society, 2015.
Σειρά:Mathematical surveys and monographs ; 204
Θέματα:
Ετικέτες: Προσθήκη ετικέτας
Δεν υπάρχουν, Καταχωρήστε ετικέτα πρώτοι!

MARC

LEADER 00000nam a2200000 a 4500
001 1/111307
008 160707t2015####riu| ||| |||| ||eng||
020 |a 9781470422141  
040 |a GR-MyUa  |b gre  |c GR-MyUa  |e AACR2 
041 0 |a eng 
082 7 |a 516.353  |2 (23)  
100 1 |a Buchstaber, V. M. 
245 1 0 |a Toric topology /   |c Victor M. Buchstaber, Taras E. Panov.  
260 |a Providence, Rhode Island :   |b American Mathematical Society,   |c 2015.  
300 |a xiii, 518 σ. :   |b σχέδια ;   |c 27 εκ.  
490 1 |a (Mathematical surveys and monographs ;   |v 204)  
504 |a Βιβλιογραφία: σ. 495-509. Ευρετήριο.  
650 0 |a Toric varieties. 
650 0 |a Algebraic varieties. 
650 0 |a Algebraic topology. 
650 0 |a Geometry, Algebraic. 
700 1 |a Panov, Taras E.   |d 1975-  |e aut 
830 0 |a Mathematical surveys and monographs ;  |v  204 
852 |a INST  |b SAMOS  |e 20160707  |h 516.353 BUC  |p 005300043686  |q 005300043686  |t BK  |y 0 
922 |a 3ΕΛΗ  |b 201606  |c Τμήμα Μαθηματικών  |d Διαδρομές 
970 |a Κοσιέρης  |b Χρήστος  |z 07-07-2016